Match the Movie to the Director 🎬 - Statistics

General Stats
  • This quiz has been taken 23 times
  • The average score is 64 of 100
Answer Stats
Hint Answer % Correct
Kill Bill Quentin Tarantino
95%
Oppenheimer Christopher Nolan
89%
Inception Christopher Nolan
89%
Titanic James Cameron
89%
Inglourious Basterds Quentin Tarantino
89%
Django Unchained Quentin Tarantino
89%
2001: A Space Odyssey Stanley Kubrick
89%
E.T. the Extra-Terrestrial Steven Spielberg
89%
Saving Private Ryan Steven Spielberg
89%
The Birds Alfred Hitchcock
84%
Psycho Alfred Hitchcock
84%
Pulp Fiction Quentin Tarantino
84%
Alien Ridley Scott
84%
The Shining Stanley Kubrick
84%
Jaws Steven Spielberg
84%
Jurassic Park Steven Spielberg
84%
Vertigo Alfred Hitchcock
79%
The Dark Knight Christopher Nolan
79%
Interstellar Christopher Nolan
79%
No Country for Old Men Coen brothers
79%
Avatar James Cameron
79%
The Lord of the Rings trilogy Peter Jackson
79%
Reservoir Dogs Quentin Tarantino
79%
A Clockwork Orange Stanley Kubrick
79%
Raiders of the Lost Ark Steven Spielberg
79%
Schindler's List Steven Spielberg
79%
Annie Hall Woody Allen
79%
Gran Torino Clint Eastwood
74%
Million Dollar Baby Clint Eastwood
74%
Fargo Coen brothers
74%
Mulholland Drive David Lynch
74%
Raging Bull Martin Scorsese
74%
Goodfellas Martin Scorsese
74%
Gladiator Ridley Scott
74%
Eyes Wide Shut Stanley Kubrick
74%
Dr. Strangelove Stanley Kubrick
74%
Close Encounters of the Third Kind Steven Spielberg
74%
The Life Aquatic with Steve Zissou Wes Anderson
74%
Manhattan Woody Allen
74%
Rear Window Alfred Hitchcock
68%
Apocalypse Now Francis Ford Coppola
68%
The Godfather Francis Ford Coppola
68%
Taxi Driver Martin Scorsese
68%
JFK Oliver Stone
68%
Edward Scissorhands Tim Burton
68%
North by Northwest Alfred Hitchcock
63%
The Prestige Christopher Nolan
63%
Unforgiven Clint Eastwood
63%
Raising Arizona Coen brothers
63%
O Brother, Where Art Thou? Coen brothers
63%
The Whale Darren Aronofsky
63%
Se7en David Fincher
63%
Blue Velvet David Lynch
63%
The Wolf of Wall Street Martin Scorsese
63%
The Departed Martin Scorsese
63%
Platoon Oliver Stone
63%
Born on the Fourth of July Oliver Stone
63%
The Grand Budapest Hotel Wes Anderson
63%
Memento Christopher Nolan
58%
Letters from Iwo Jima Clint Eastwood
58%
The Big Lebowski Coen brothers
58%
Black Swan Darren Aronofsky
58%
The Elephant Man David Lynch
58%
Eraserhead David Lynch
58%
The Terminator James Cameron
58%
Natural Born Killers Oliver Stone
58%
King Kong Peter Jackson
58%
Full Metal Jacket Stanley Kubrick
58%
Beetlejuice Tim Burton
58%
Moonrise Kingdom Wes Anderson
58%
The Royal Tenenbaums Wes Anderson
58%
Rushmore Wes Anderson
58%
Requiem for a Dream Darren Aronofsky
53%
The Social Network David Fincher
53%
Gone Girl David Fincher
53%
Fight Club David Fincher
53%
Lost Highway David Lynch
53%
Bram Stoker's Dracula Francis Ford Coppola
53%
The Abyss James Cameron
53%
Blade Runner Ridley Scott
53%
Midnight in Paris Woody Allen
53%
Wall Street Oliver Stone
47%
Magnolia Paul Thomas Anderson
47%
Boogie Nights Paul Thomas Anderson
47%
There Will Be Blood Paul Thomas Anderson
47%
Heavenly Creatures Peter Jackson
47%
Batman Tim Burton
47%
Pee-wee's Big Adventure Tim Burton
47%
The Purple Rose of Cairo Woody Allen
47%
Pi Darren Aronofsky
42%
The Outsiders Francis Ford Coppola
42%
Punch-Drunk Love Paul Thomas Anderson
42%
Braindead (aka Dead Alive) Peter Jackson
42%
Mystic River Clint Eastwood
37%
The Martian Ridley Scott
37%
Paths of Glory Stanley Kubrick
37%
The Girl with the Dragon Tattoo David Fincher
32%
Aliens James Cameron
32%
Phantom Thread Paul Thomas Anderson
32%
The Curious Case of Benjamin Button David Fincher
26%
No matching quizzes found
Score Distribution
Percent of People with Each Score
Percentile by Number Answered
Your Score History
You have not taken this quiz